000 01181nam a22003977a 4500
005 20250611144217.0
008 170329b2012 xxu||||| |||| 00| 0 spa d
020 _a97806073208550
041 _aESP
082 _a658.404 A286a
100 _aAhmed, Pervaiz
_941721
245 _aAdministración de la innovación
260 _aMéxico
260 _bPearson Educación
260 _c2012
300 _a298 páginas
490 _aDirección y Administración de Empresas
650 _aGESTIÓN DE LA INFORMACIÓN
650 _aLA INNOVACIÓN Y SU CONTEXTO
650 _aEMPRENDEDURISMO
650 _aINNOVACIÓN
650 _aPROGRESO ECONÓMICO
650 _aCREATIVIDAD
650 _aCREATIVIDAD INDIVIDUAL
650 _aCULTURA ORGANIZACIONAL
650 _aESTRATEGIA
650 _aEVALUACIÓN DEL DESEMPEÑO
650 _aFORMAS DE LA TECNOLOGÍA
650 _aCOMERCIALIZACIÓN
650 _aVALORES
650 _aCULTURA INNOVADORA
650 _aMEDICIÓN DEL DESEMPEÑO EN INNOVACIÓN
650 _aDESEMPEÑO DE LA EMPRESA
650 _aCREACIÓN Y SOSTENIMIENTO DE CULTURAS ORGANIZACIONALES INNOVADORAS
942 _cBK
_2ddc
999 _c9173
_d9173